Behavioural Process in Organisations : Readings , Cases , Instruments (Record no. 5901)

000 -LEADER
fixed length control field 00368nam a2200133Ia 4500
008 - FIXED-LENGTH DATA ELEMENTS--GENERAL INFORMATION
fixed length control field 201214s9999 xx 000 0 und d
100 ## - MAIN ENTRY--PERSONAL NAME
Personal name Pareek, Udai, Rao, T. V. and Pestonjee, D. M.
245 #0 - TITLE STATEMENT
Title Behavioural Process in Organisations : Readings , Cases , Instruments
260 ## - PUBLICATION, DISTRIBUTION, ETC.
Place of publication, distribution, etc. New Delhi
Name of publisher, distributor, etc. Oxford& IBH
Date of publication, distribution, etc. 1982
300 ## - PHYSICAL DESCRIPTION
Extent 525
942 ## - ADDED ENTRY ELEMENTS (KOHA)
Koha item type Books
Holdings
Withdrawn status Lost status Damaged status Not for loan Permanent Location Date acquired Date last seen Price effective from Koha item type Full call number Barcode
        IMU Kolkata 2020-12-14 2020-12-14 2020-12-14 Books    
          2020-12-14 2020-12-14 2020-12-14 Books 150.19434 P2277  
          2020-12-14 2020-12-14 2020-12-14 Books   PM00860
Designed and Maintained by IMU-KC Library, Kolkata Campus © Copyright All Rights Reserved

webs counters

Powered by Koha